00593 2200193 4500001002100000005001700021008004100038035002400079082000800103090001800111111004100129245010800170260004500278300001700323650002300340850001500363985000600378999001500384YOGYA-0209000002785620090227024159.0 ind  0010-020900000027856 a040 a040bInd PlT aINDONESIA. Presiden (1967 : Suharto) aPidato balasan Presiden pada upacara penyerahan surat-surat kepercayaan duta besar dan ..cPresiden R.I aJakartabDepartemen Penerangan R.Ic1984 a29 hlmc21cm aPidato Presiden RI aYOPDYOG(B) a1 aA000062605